Aprender a amar en pareja

Saved in:
Bibliografiske detaljer
Hovedforfatter: Blank, Renold J (Author)
Format: Bog
Sprog:spansk
Udgivet: Santiago Paulinas 1988
Fag:
Tags: Tilføj Tag
Ingen Tags, Vær først til at tagge denne postø!

MARC

LEADER 00000nam a2200000 a 4500
001 UCS8494
003 CL-VaPUC
008 971031e19880000CL |||||||||||||||||spa|d
082 0 4 |a 173  |b BLA  |2 21 
100 0 |a Blank, Renold J  |e author  |9 393351 
245 1 0 |a Aprender a amar en pareja 
300 |a 78 p 
942 |c BK 
945 |d 19971031 00:00:00  |a aalvarez 
260 |a Santiago  |b Paulinas  |c 1988 
650 0 |a Vida afectiva  |9 341154 
650 0 |a Educación sexual  |9 308005 
650 0 |a Familias   |9 255641 
650 0 |a Comportamiento sexual  |9 334955 
583 |a last modification  |c 19971031 00:00:00  |k Rodrigo Vera 
999 |c 262887  |d 262885 
952 |0 0  |1 0  |4 0  |6 173_000000000000000_BLA_1988  |7 0  |8 A  |9 291813  |a BIBTEO  |b BIBTEO  |d 2019-11-19  |i 2024578  |o 173 BLA 1988  |p 2024578  |r 2025-01-17  |w 2019-11-19  |y BK  |k ICR